Reconnaissance of commercial high-calcium limestones in New Mexico /

Bibliographic Details
Main Author: Kottlowski, Frank Edward
Format: Book
Language:English
Published: Socorro : New Mexico Bureau of Mines and Mineral Resources, New Mexico Institute of Mining and Technology, 1962.
Series:Circular (New Mexico. Bureau of Mines and Mineral Resources) ; 60.
Subjects:

MARC

Tag First Indicator Second Indicator Subfields
LEADER 00000cam a2200000 4500
001 in00000096785
005 20150925090402.0
008 780918s1962 nmua 00010 eng u
010 |a gs 63000188  
035 |a (OCoLC)04233883 
035 |9 AAL2498AM 
040 |c TXU  |d TXA  |d UtOrBLW 
049 |a TXAM  |c [435405] 
090 |a TN24.N6  |b A235 no. 60 
100 1 |a Kottlowski, Frank Edward. 
245 1 0 |a Reconnaissance of commercial high-calcium limestones in New Mexico /  |c by Frank E. Kottowski. 
264 1 |a Socorro :  |b New Mexico Bureau of Mines and Mineral Resources, New Mexico Institute of Mining and Technology,  |c 1962. 
300 |a v, 77 pages :  |b illustrations, maps ;  |c 28 cm. 
336 |a text  |b txt  |2 rdacontent 
337 |a unmediated  |b n  |2 rdamedia 
338 |a volume  |b nc  |2 rdacarrier 
490 1 |a New Mexico. Bureau of Mines and Mineral Resources. Circular ;  |v 60 
504 |a Bibliography: pages 69-77. 
650 0 |a Limestone  |z New Mexico. 
830 0 |a Circular (New Mexico. Bureau of Mines and Mineral Resources) ;  |v 60. 
999 |a MARS 
999 f f |s a7a829d9-a7bf-31ac-b341-321d25698940  |i 74443264-a4b9-3f69-a091-51799180334d  |t 0 
952 f f |p ric  |a Texas A&M University  |b Rellis Campus  |c Joint Library Facility  |d Remote Storage  |t 0  |e TN24.N6 A235 no.60  |h Library of Congress classification  |i unmediated -- volume  |m A14805566896 
998 f f |a TN24.N6 A235 no.60  |t 0  |l Remote Storage